Statistiques concernant Petit Bac #22 - Capitales d'Asie

Cliquez ici pour prendre le quiz!

Statistiques générales

  • Ce quiz a été pris 273 fois
  • Le résultat moyen est 14 sur 16

Statistiques - réponses

1ère Lettre Capitale % Correct
TThimphou / Tbilissi / Téhéran / Tokyo / Tachkent / Taipei
98%
PPhnom Penh / Pékin / Pyongyang
97%
SSéoul / Singapour / Sri Jayawardenepura Kotte / Sanaa
95%
BBakou / Bandar Seri Begawan / Bagdad / Bichkek / Beyrouth / Bangkok
95%
JJakarta / Jérusalem
93%
KKaboul / Koweït / Kuala Lumpur / Katmandou
93%
AAbou Dabi / Amman / Astana / Achgabat / Ankara
91%
MManama / Malé / Mascate / Manille
89%
DDacca / Doha / Damas / Douchanbé / Dili
87%
OOulan-Bator
83%
NNaypyidaw / Nicosie / New Delhi
83%
IIslamabad
78%
HHanoï
77%
EErevan
70%
VVientiane
64%
RRiyad
60%

Distribution des résultats

Percentile by Number Answered

% des personnes avec chaque résultat

Votre développement - résultats

Vous n’avez pas pris ce quiz